Normal view
MARC view
- مواد البناء -- المباني -- مواصفات معيارية -- الأردن
Entry Topical Term
001 - CONTROL NUMBER
- control field: 51539
003 - CONTROL NUMBER IDENTIFIER
- control field: JO-AjAnu
005 - DATE AND TIME OF LATEST TRANSACTION
- control field: 20230606082458.0
008 - FIXED-LENGTH DATA ELEMENTS
- fixed length control field: 230606|| aca||aabn | a|a d
040 ## - CATALOGING SOURCE
- Original cataloging agency: JO-AjAnu
- Transcribing agency: JO-AjAnu
150 ## - HEADING--TOPICAL TERM
- Topical term or geographic name entry element: مواد البناء -- المباني -- مواصفات معيارية -- الأردن
670 ## - SOURCE DATA FOUND
- Source citation: Work cat.: (JO-AjAnu)26343: إعداد خضر عكاوي، مقدر عكروش؛ عطالله دواني وآخرون, author 51538, مجلس البناء الوطني الأردني، وزارة الأشغال العامة والإسكان: كود مواد البناء واستعمالاتها في صناعة البناء